Statystyki dla Największe i najmniejsze edycja polska

Kliknij tutaj aby rozwiązać quiz!

Ogólne statystyki

  • Ten quiz został rozwiązany 51 razy
  • Średni wynik to 5 z 13

Statystyki odpowiedzi

HintOdpowiedź% Poprawnych
Największe miastoWarszawa
96%
Największe województwo(wielkość)Mazowieckie
88%
Największe województwo(populacja)Mazowieckie
88%
Pierwsza stolicaGniezno
86%
Najmniejsze województwo(wielkość)Opolskie
82%
Najmniejsze województwo(populacja)Lubuskie
64%
Największy powiat(wielkość)Białostocki
10%
Najmniejszy powiat(wielkość)Bieruńsko lędziński
8%
Największy powiat(populacja)Poznański
6%
Najmniejszy powiat(populacja)Sejneński
4%
Najwyższa temperaturaPrószków
2%
Najniższa temperaturaSiedlce
2%
Najmniejsze miastoWyśmierzyce
0%

Rozkład punktacji

Percentyl według liczby udzielonych odpowiedzi

Procent ludzi z każdym wynikiem

Twoja historia wyników

Nie rozwiązałeś tego quizu